000
00263nam a22001097a 4500
082
_a
425
_b
BRI/S
100
_a
BRIGHT. JAGAT
245
_a
SELECTED SCHOOL ESSAYS
246
_a
SELECTED SCHOOL ESSAYS
_b
SELECTED SCHOOL ESSAYS
650
_a
ENGLISH GRAMMAR
942
_c
BK
999
_c
8866
_d
8866